| 000 | 01765nam0a22002651 4500 | ||
|---|---|---|---|
| 001 | rc\668921 | ||
| 005 | 20031121165607.4 | ||
| 035 | _a(NLR Aleph) 005907655 | ||
| 090 |
_a6343325 _c6343325 |
||
| 100 | _a20031121d1986 u |0rusy50 ca | ||
| 101 | 0 | _arus | |
| 102 | _aRU | ||
| 105 | _ay ||||||||| | ||
| 200 | 1 |
_aНАПОЛЬНЫЙ электротранспорт _eМетод. материалы к отрасл. Инструкции по определению экон. эффективности новой техники, изобрет. и рац. предложений в электротехн. пром-сти _fМ-во электротехн. пром-сти, Всесоюз. н.-и. проект.-конструкт. и технол. ин-т безрельсового электрифицир. трансп. (ВНИИэлектротранспорт) с опыт. пр-вом, ВНИИ информ. и техн.-экон. исслед. в электротехнике (Информэлектро) _g[Разраб. К.П. Кульков и др.] |
|
| 210 |
_aМ. _cИнформэлектро _d1986 |
||
| 215 |
_a23 с. _d22 |
||
| 320 | _aБиблиогр.: с 22 | ||
| 605 |
_aИнструкция по определению экономической эффективности новой техники, изобретений и рационализаторских предложений в электротехнической промышленности _2psbo |
||
| 702 | 1 |
_aКульков _bК. П. _4570 |
|
| 712 | 0 | 1 |
_aСССР _bМ-во электротехнической промышленности _3RU\NLR\AUTH\889939139 |
| 801 | 0 |
_aRU _bNLR _gpsbo |
|
| 801 | 1 |
_aRU _bELAR _2rusmarc |
|
| 852 |
_aNLR _j88-6/319 |
||
| 942 | _cBOOK | ||
| 980 | _aNB | ||